Administratívna budova - monolitická železobetónová konštrukcia
Na minha lista:
| Autor principal: | |
|---|---|
| Outros Autores: | |
| Formato: | Manuscrito Livro |
| Idioma: | eslovaco |
| Publicado em: |
2023
|
| Assuntos: | |
| Acesso em linha: | http://is.stuba.sk/zp/portal_zp.pl?podrobnosti=168656 https://opac.crzp.sk/?fn=detailBiblioForm&sid=C0DEB8E07572332BAC260C15805F |
| Tags: |
Sem tags, seja o primeiro a adicionar uma tag!
|
MARC
| LEADER | 00000ntm a22000003a 4500 | ||
|---|---|---|---|
| 001 | stuzp94748 | ||
| 003 | SK-STU | ||
| 005 | 20230918153449.7 | ||
| 007 | ta | ||
| 008 | 150427s2015----xo-----f-mn---000-0-slo-d | ||
| 040 | |a STU |b slo | ||
| 041 | 0 | |a slo | |
| 100 | 1 | |a Hiresová, Enikö |u 010110 |k Z4 |4 aut |U SvF Stavebná fakulta |T SvF Katedra betónových konštrukcií a mostov |X 93931 |U V110 |Y 11 |7 93931 | |
| 242 | 0 | 1 | |a Administrative building - monolithic reinforced concrete construction |y eng |
| 245 | 1 | 0 | |a Administratívna budova - monolitická železobetónová konštrukcia |
| 260 | |c 2023 | ||
| 650 | 4 | |a administratívna budova s polyfunkciou |2 slo | |
| 650 | 4 | |a statická analýza |2 slo | |
| 650 | 4 | |a dynamická analýza |2 slo | |
| 650 | 4 | |a novostavba |2 slo | |
| 650 | 4 | |a load-bearing elements |2 eng | |
| 650 | 4 | |a high-rise building |2 eng | |
| 650 | 4 | |a static analysis |2 eng | |
| 650 | 4 | |a dynamic analysis |2 eng | |
| 700 | 1 | |a Majtánová, Lucia |u 010110 |k Z2 |4 ths |U SvF Stavebná fakulta |T SvF Katedra betónových konštrukcií a mostov |X 50518 |U V110 |Y 11 |7 A000050518 | |
| 856 | 4 | |u http://is.stuba.sk/zp/portal_zp.pl?podrobnosti=168656 | |
| 856 | 4 | |u https://opac.crzp.sk/?fn=detailBiblioForm&sid=C0DEB8E07572332BAC260C15805F | |